新加坡地铁中文站名 2024 Singapore MRT Station (Chinese) - Statistics

General Stats
  • This quiz has been taken 31 times
  • The average score is 37 of 168
Answer Stats
线路 站名 % Correct
樟宜机场支线 樟宜机场
85%
东北线 | 滨海市区线 牛车水
69%
南北线 | 汤申—东海岸线 | 环线延长线 滨海湾
65%
东北线 | 南北线 | 环线 多美歌
54%
东北线 | 滨海市区线 小印度
54%
东西线 | 南北线 裕廊东
50%
东西线 | 滨海市区线 武吉士
46%
东北线 | 东西线 | 汤申—东海岸线 欧南园
46%
东北线 榜鹅
46%
南北线 | 汤申—东海岸线 兀兰
42%
东西线 | 南北线 政府大厦
42%
东西线 文礼
42%
南北线 义顺
38%
东西线 先驱
38%
樟宜机场支线 | 滨海市区线 博览
38%
东西线 | 南北线 莱佛士坊
35%
东西线 劳明达
35%
东西线 丹戎巴葛
35%
东西线 中峇鲁
35%
东西线 女皇镇
35%
东西线 金文泰
35%
东西线 湖畔
35%
东北线 克拉码头
35%
东北线 | 环线 实龙岗
35%
滨海市区线 | 环线延长线 海湾舫
35%
汤申—东海岸线 大世界
35%
南北线 | 汤申—东海岸线 乌节
31%
南北线 索美塞
31%
东西线 红山
31%
东西线 裕华园
31%
东北线 | 环线 港湾
31%
滨海市区线 | 环线 植物园
31%
环线 肯特岗
31%
滨海市区线 陈嘉庚
31%
汤申—东海岸线 兀兰北
31%
东西线 巴西立
27%
东西线 | 滨海市区线 淡滨尼
27%
东西线 联邦
27%
环线 纬壹
27%
南北线 宏茂桥
23%
南北线 | 环线 碧山
23%
南北线 | 滨海市区线 纽顿
23%
东西线 勿洛
23%
东西线 加冷
23%
东北线 盛港
23%
环线 荷兰村
23%
滨海市区线 武吉班让
23%
汤申—东海岸线 | 滨海市区线 史蒂芬
23%
滨海市区线 市中心
23%
汤申—东海岸线 兀兰南
23%
汤申—东海岸线 乌节大道
23%
东西线 丹那美拉
19%
东西线 | 环线 巴耶利峇
19%
东西线 阿裕尼
19%
东西线 | 环线 波那维斯达
19%
东西线 杜弗
19%
东西线 大士连路
19%
滨海市区线 梧槽
19%
南北线 蔡厝港
15%
南北线 克兰芝
15%
南北线 三巴旺
15%
南北线 卡迪
15%
南北线 大巴窑
15%
东西线 四美
15%
东西线 景万岸
15%
东西线 友诺士
15%
东北线 花拉公园
15%
东北线 文庆
15%
东北线 兀里
15%
东北线 后港
15%
东北线 万国
15%
环线 体育场
15%
环线 虎豹别墅
15%
滨海市区线 美世界
15%
滨海市区线 第六道
15%
滨海市区线 福康宁
15%
汤申—东海岸线 春叶
15%
汤申—东海岸线 滨海湾花园
15%
南北线 海军部
12%
南北线 诺维娜
12%
南北线 滨海南码头
12%
东西线 裕群
12%
东西线 大士西路
12%
东北线 高文
12%
环线 百胜
12%
环线 滨海中心
12%
滨海市区线 | 环线 宝门廊
12%
滨海市区线 | 环线 麦波申
12%
环线 花拉路
12%
环线 巴西班让
12%
环线 拉柏多公园
12%
滨海市区线 惹兰勿刹
12%
滨海市区线 勿洛北
12%
滨海市区线 淡滨尼西
12%
汤申—东海岸线 纳比雅
12%
南北线 武吉巴督
8%
南北线 油池
8%
南北线 马西岭
8%
南北线 杨厝港
8%
南北线 布莱德
8%
东西线 卡尔圈
8%
东北线 波东巴西
8%
环线 大成
8%
环线 罗弄泉
8%
环线 玛丽蒙
8%
汤申—东海岸线 | 环线 加利谷
8%
环线 直落布兰雅
8%
滨海市区线 山景
8%
滨海市区线 阿尔柏王园
8%
滨海市区线 直落亚逸
8%
滨海市区线 淡滨尼东
8%
汤申—东海岸线 美华
8%
汤申—东海岸线 合乐
8%
南北线 武吉甘柏
4%
东西线 大士弯
4%
环线 尼诰大道
4%
环线 达科达
4%
环线 巴特礼
4%
滨海市区线 凯秀
4%
滨海市区线 明古连
4%
滨海市区线 芽笼峇鲁
4%
滨海市区线 玛达
4%
滨海市区线 乌美
4%
滨海市区线 樟宜上段
4%
汤申—东海岸线 光明山
4%
汤申—东海岸线 汤申路上段
4%
汤申—东海岸线 麦士威
4%
汤申—东海岸线 珊顿道
4%
汤申—东海岸线 马林百列
4%
环线 蒙巴登
0%
滨海市区线 明地迷亚
0%
滨海市区线 加基武吉
0%
滨海市区线 勿洛蓄水池
0%
汤申—东海岸线 伦多
0%
汤申—东海岸线 丹戎禺
0%
汤申—东海岸线 加东公园
0%
汤申—东海岸线 丹戎加东
0%
汤申—东海岸线 马林台
0%
汤申—东海岸线 实乞纳
0%
汤申—东海岸线 碧湾
0%
No matching quizzes found
Score Distribution
Percent of People with Each Score
Percentile by Number Answered
Your Score History
You have not taken this quiz